00324 a2200121 450000100060000010000180000624500110002426000260003509000150006194200230007699900190009995200840011811825 aGibba, E.J.W. aTurkey abPublishers unitedc c9081d9081 aNUST-CAEcMc35913 c246898d246898 001040708NFICaCAEbCAEd2017-04-03l0pCAE49502r2017-04-05w2017-04-05yBK